School yards and nature trails (Registro nro. 12510)

Detalles MARC
000 -CABECERA
Campo de control 005670000a22001810004500
090 ## - CLASIFICACIÓN LOCAL
Colección AR
Consecutivo 03459
041 0# - IDIOMA
Código de idioma para texto/pista de sonido o título separado
100 1# - ASIENTO PRINCIPAL--NOMBRE PERSONAL
Nombre personal Feinsinger, Peter
245 10 - MENCION DE TITULO
Título School yards and nature trails
Version ecology education outside the university
650 14 - ASIENTO SECUNDARIO DE MATERIA - TERMINO TEMATICO
Término temático o nombre geográfico como elemento de entrada Educación ecológica
650 14 - ASIENTO SECUNDARIO DE MATERIA - TERMINO TEMATICO
Término temático o nombre geográfico como elemento de entrada Métodos de educación
650 14 - ASIENTO SECUNDARIO DE MATERIA - TERMINO TEMATICO
Término temático o nombre geográfico como elemento de entrada Problemas ambientales
651 #4 - ASIENTO SECUNDARIO DE MATERIA - NOMBRE GEOGRAFICO
-- Bariloche
-- Argentina
700 1# - ASIENTO SECUNDARIO - NOMBRE PERSONAL
Nombre personal Margutti, Laura
700 1# - ASIENTO SECUNDARIO - NOMBRE PERSONAL
Nombre personal Oviedo, Ramona Dolores
773 1# - Item fuente:
Título Tree
Descripción física 3
Paginas del Articulo 115-120
Lugar, editorial y fecha de publicación 1997
Información sobre la relación 12
942 ## - ELEMENTOS ADICIONALES (KOHA)
Tipo de ítem Artículo
Existencias
Withdrawn status Lost status Damaged status No para préstamo Colección Ubicación Permanente Ubicación actual Fecha de adquisición Datos de publicación Seriada Total Checkouts Número topográfico Inventario / Código de Barras Date last seen Price effective from Forma de adquisición Tipo de material
      No para Préstamo Hemeroteca Bogotá Bogotá 27/02/2015 Fuera de circulación   AR 03459 014349 25/03/2015 25/03/2015   Artículo